Statistics for Path of Titans Dinosaur and Prehistoric Creature Character Quiz

Click here to take the quiz!

General Stats

  • This quiz has been taken 25 times
  • The average score is 19 of 30

Answer Stats

HintAnswer% Correct
Herbivore-Practically uselessCamptosaurus
88%
Herbivore-Little battling ramAlbertaceratops
76%
Herbivore-Spiky necked menaceAmargasaurus
76%
Herbivore-Ankle snapping tankAnodontosaurus
76%
Herbivore-Beefy tankBarsboldia
76%
Carnivore-Useless.. But is a tyrannosaurus so ¯\_(ツ)_/¯Alioramus
71%
Carnivore-Swimming camel menaceConcavenator
71%
Herbivore-Swimming nightmare that looks like a duckDeinocheirus
71%
Herbivore-Big batting ramEotriceratops
71%
Herbivore-Death from accidental tail swing is strong with this oneStegosaurus
71%
Carnivore-Every characters punching bag tbh, looks cool thoAllosaurus
65%
Carnivore-Adolescent Tyrannosaurus, fights like one tooDaspletosaurus
65%
Carnivore-Feathery boiiiiiiiiiiiiiiiDeinonychus
65%
Herbivore-Porcupine menaceKentrosaurus
65%
Carnivore-Megalodon of the land, but SMALLER and chunkyMegalania
65%
Herbivore-The real battering ram that is a nightmare to small carni'sPachycephalosaurus
65%
Carnivore-Jurassic Park 3 made it a rex killer, oh how the tables have turnedSpinosaurus
65%
Herbivore-Iconic menaceIguanodon
59%
Carnivore-If u combine an iguana and a venomous snake together, and give it a sad life.Metriacanthosaurus
59%
Carnivore-Megacroc that's love sound is adorableSarcosuchus
59%
Herbivore-IM FAST AS F...Struthiomimus
59%
Herbivore-#1 but gets murked fasterStyracosaurus
59%
Carnivore-If it attacks u, u die. If u attack it, u die. If u group it, it dies.Tyrannosaurus
59%
Carnivore-The meaning behind 'Its not the dog in the fight, it is the fight in the dog'Ceratosaurus
53%
Carnivore-Feathery boiiiiiiiiiiiiiii with bleedLatenivenatrix
47%
Carnivore-Ripoff carnotaurus but with a better lifePycnonemosaurus
47%
Carnivore-Look, its useful in some ways, but how did they massacre u so wrongSuchomimus
47%
Herbivore-How do you even hea...Ahem, Useless in a fight but ok...Lambeosaurus
41%
Carnivore-Flying menaceThalassodromeus
41%
Carnivore-Useless, like, actually useless. Unless for memes. Then it is somewhat usefulKaiwhekea
35%

Score Distribution

Percentile by Number Answered

Percent of People with Each Score

Your Score History

You have not taken this quiz